000
00361nam a22001217a 4500
040
_c
RUA
082
_a
OFF HUN 2009 C108 Or.
100
_a
HUN SEN ,
245
_a
Board Of Engineers Cambodia, គណៈវិស្វករកម្ពុជា ០៧ មេសា ២០០៩
260
_a
PHNOM PENH
_b
RUA
_c
2009
300
_a
79p.
_b
ill,
_c
22cm,
942
_c
REC
999
_c
25457
_d
25457